Chansons liées à un département français - Statistiques

Statistiques générales
  • Ce quiz a été pris 124 fois
  • Le résultat moyen est 8 sur 25
Statistiques - réponses
Département Paroles Chanson % Correct
22 Mes frères tombaient l'un après l'autre devant mon regard
Sous le poids des armes que possédaient tous ces barbares
Des lances, des haches et des épées dans le jardin d'Éden
Qui écoulaient du sang sur l'herbe verte de la plaine
La Tribu de Dana
62%
70 T'as voulu voir Hortense, elle était dans le Cantal
J'ai voulu voir Byzance, et on a vu Pigalle
À la gare Saint-Lazare, j'ai vu les Fleurs du Mal
Par hasard
Vesoul
61%
41 Tu vis sans jamais voir un cheval, un hibou
Ils me disent
Tu ne viens plus, même pour pêcher un poisson
Tu ne penses plus à nous
Loir-et-Cher
60%
02 Trois jeunes dans l'village donc pour jouer, c'est pas chouette
J'viens d'un village paumé dans l'Aisne, en Picardie
Facilement, 95% de vaches, 5% d'habitants, et parmi eux
Une seule famille de noirs, fallait qu'ce soit la mienne
Marly-Gomont
54%
33 Enfants des parcs, gamins des plages
Le vent menace les châteaux de sable, façonnés de mes doigts
Le temps n'épargne personne, hélas
Les années passent, l'écho s'évade sur la Dune du Pyla
Le Chant des Sirènes
49%
19 On veut du Clody Musette
À en perdre la tête
On veut un dernier Chabrol
Un petit coup de gnôle
À nos souvenirs
46%
74 Quand je serai fatigué
D'avancer dans les brumes d'un rêve
Quand je serai fatigué
D'un métier où tu marches où tu crèves
La dame de Haute-Savoie
44%
07 Les vieux, ça n'était pas original
Quand ils s'essuyaient machinal, d'un revers de manche les lèvres
Mais ils savaient tous à propos
Tuer la caille ou le perdreau et manger la tomme de chèvre
La Montagne
42%
62 Y avait à la mairie le jour de la kermesse
Une photo de Jean Jaurès
Et chaque verre de vin était un diamant rose
Posé sur fond de silicose
Les Corons
40%
13 C'est du 24 carats (nan), j'rappe depuis l'époque de Cara
La technique, le flow de malade, artistiquement, on se balade (ok)
T-Max, casque Araï, recherché à kech-Marra
J'lui envoie une frappe imparable, j'fais couler son mascara (ah, ah)
Bande Organisée
39%
38 Dans la violence s'est brisée mon enfance
J'ai perdu l'existence et le sens
Dans les allées du parc Maurice Thorez
On a poignardé ma jeunesse
Un Jour Au Mauvais Endroit
36%
15 Toi qui n'as pas applaudi quand
Les croquantes et les croquants
Tous les gens bien intentionnés
Riaient de me voir amené
Chanson pour l'Auvergnat
35%
42 Quand on arrive sur le terrain
On les entend frapper dans leurs mains
Avec eux nous chantons
Saint-Étienne sera champion
Allez les verts
31%
26 On m'a vu dans le Vercors
Sauter à l'élastique
Voleur d'amphores
Au fond des criques
La nuit je mens
29%
2A L'autre soir, on profitait d'une bonne bouteille
Dans la vieille ville ajaccienne
Quand elle est arrivée
Elle est entrée comme un mirage la tête haute
La Goffa Lolita
28%
29 Si ton mec vient de te plaquer Viens donc faire un tour à _____
(Si ton mec vient de te plaquer
Viens donc faire un tour à _____)
Lambé An Dro
24%
31 Les ténors enrhumés tremblaient sous leurs ventouses
J'entends encore l'écho de la voix de papa
C'était en ce temps là mon seul chanteur de blues
Aujourd'hui, tes buildings grimpent haut
Toulouse
24%
14 Je suis américaine et je suis née à Philadelphie
En 1944 tu es parti loin de ma vie
J'ai mis dans ton blouson un peu de terre de notre pays
J'ai tremblé en écoutant la radio toutes les nuits
Made in Normandie
23%
971 Nétwayé, baléyé, astiké
Kaz la toujou penpan
Ba'w manjé, baw lanmou
E pou vou an kafey an chantan, Ha
Maldon
22%
972 Ici les champs recouverts de neige
On ne les connaît qu'en photo
Le père Noël n'a pas de traîneau
Le fond de l'air est bien trop chaud
Bons Baisers de Fort-de-France
20%
46 Mon amour est parti avec le loup dans les grottes de ____________
J'ai changé les papiers peints, j'ai nettoyé la pisse du chien et tout l'train-train
Mon amour est parti avec le loup dans les grottes de ____________ Pour l'instant j'ai des tics dans une béatitude de chaise électrique
Rock Amadour
17%
03 À _________
Un monsieur est venu m'parler
J'ai pas compris qu'est-ce qu'il m'a dit
On aurait dit du vieux français
Montluçon
15%
80 Qu'il est triste le patelin avec tous ces ronds-points
Qui font tourner les têtes
Qu'il est triste le préau sans les cris des marmots
Les ballons dans les fenêtres
Les Oubliés
12%
83 Et lorsque vient l'été à Saint-Tropez
Tous les garçons sont beaux à Saint-Tropez
Toutes les filles sont belles, belles à croquer
Au rendez-vous d'amour de Saint-Tropez
Douliou-Douliou Saint-Tropez
4%
59 J'ai fait toutes les bêtises qu'on peut imaginer
J'en ai fait à ma guise et aussi à Cambrai
Je connais toutes les Mers, la Mer Rouge, la Mer Noire
La Mer-diterranée, la Mer de Charles Trenet
Un clair de lune à Maubeuge
3%
Aucun quiz correspondant
Distribution des résultats
% des personnes avec chaque résultat
Percentile par nombre de réponses
Votre historique - résultats
Vous n’avez pas pris ce quiz